Religion Quiz

Random Religion or Bible Quiz

Religion by Numbers Quiz Stats

Quiz Updated Oct 18, 2016

Challenge
Share
Tweet
Books of the bible beginning with numbers are not counted *The Trimurti
Score 0/55 Timer 06:00
5 Plays Today
% Correct
John
91.3%
John
91.3%
China (105,829,000)
86%
Genesis
85.1%
Luke
82.8%
Mark
81.7%
Matthew
80.4%
Mecca
78.7%
Japan (69,931,000)
74.9%
Hinduism
73.7%
Lust
73.3%
Exodus
72.2%
Uranus
71.9%
Locusts
71%
Greed
70.2%
Buddhism
69.7%
Islam
69.1%
Christianity
67.2%
Gluttony
67%
Sloth
65.7%
Water turned to blood
63%
Frogs
62.6%
Death of the first-born
61.7%
Numbers
61.1%
Leviticus
60.7%
Envy
60.3%
Deuteronomy
57.2%
Job
55.9%
% Correct
Vietnam (39,534,000)
51.2%
Thailand (52,383,000)
50.2%
Pride
49.8%
Wrath
49.8%
James
47%
Jeremiah
46.6%
Vishnu the preserver
45.3%
Joshua
43.2%
Judaism
37.9%
Medina
36.8%
Shiva the destroyer
36.6%
Unhealable boils
35.4%
Judges
35.3%
Sikhism
34.6%
Darkness
33%
Jonah
32%
Myanmar (33,145,000)
29.6%
Jude
29.4%
Disease on livestock
29.2%
Flies
28.2%
Hail and thunder
25.1%
Jainism
23.2%
Lice or gnats
21.3%
Brahma the creator
17.8%
Joel
16.4%
Sri Lanka (12,879,000)
15.8%
Zoroastrianism
11%

You're not logged in!

Compare scores with friends on all Sporcle quizzes.
Sign Up with Email
OR
Log In

You Might Also Like...

Show Comments

Extras

Top Quizzes Today


Score Distribution

Your Account Isn't Verified!

In order to create a playlist on Sporcle, you need to verify the email address you used during registration. Go to your Sporcle Settings to finish the process.

Report this User

Report this user for behavior that violates our Community Guidelines.

Details: